Victoria State Electoral Divisions with a Map - Statistics

General Stats
  • This quiz has been taken 223 times
  • The average score is 50 of 88
Answers on the Map
Answers color-coded by a green-red scale on the quiz's map according to % correct below.
 
Answer Stats
Answer % Correct
Melbourne
97%
Geelong
88%
Frankston
83%
Hawthorn
81%
Mildura
80%
Richmond
77%
Brighton
76%
Kew
76%
Essendon
75%
Footscray
75%
Bendigo East
73%
Bendigo West
73%
Mornington
73%
Prahran
73%
Brunswick
72%
Shepparton
72%
Werribee
72%
Dandenong
71%
Gippsland East
71%
Northcote
71%
Albert Park
69%
Malvern
69%
Caulfield
67%
Sandringham
67%
Williamstown
67%
Gippsland South
65%
Melton
65%
Pakenham
65%
Box Hill
64%
Mulgrave
64%
Cranbourne
63%
Broadmeadows
60%
Glen Waverley
60%
Narre Warren North
60%
Narre Warren South
60%
South-West Coast
60%
Sunbury
60%
Bayswater
59%
Nepean
59%
Bass
57%
Bentleigh
57%
Lara
57%
Preston
57%
Ringwood
57%
Oakleigh
56%
Point Cook
56%
Bulleen
55%
Ivanhoe
55%
Mordialloc
55%
Niddrie
55%
Tarneit
55%
Berwick
53%
Hastings
53%
Pascoe Vale
53%
Macedon
52%
Warrandyte
52%
Carrum
51%
Morwell
51%
Ripon
51%
Bundoora
49%
Eltham
49%
St Albans
49%
Bellarine
48%
Rowville
45%
South Barwon
45%
Thomastown
45%
Yan Yean
45%
Ashwood
44%
Eureka
44%
Euroa
44%
Mill Park
44%
Croydon
43%
Laverton
43%
Ovens Valley
43%
Wendouree
43%
Sydenham
41%
Eildon
40%
Greenvale
40%
Kororoit
40%
Polwarth
40%
Monbulk
39%
Clarinda
37%
Lowan
37%
Benambra
36%
Kalkallo
36%
Murray Plains
36%
Narracan
36%
Evelyn
35%
No matching quizzes found
Score Distribution
Percent of People with Each Score
Percentile by Number Answered
Your Score History
You have not taken this quiz